| 000 | 00678nam a2200121Ia 4500 | ||
|---|---|---|---|
| 008 | 220620s9999||||xx |||||||||||||| ||und|| | ||
| 245 | 4 | _aThe European Higher Education Area: Between Critical Reflections and Future Policies | |
| 546 | _aEnglish[eng] | ||
| 650 | _aHigher Education||Educational Policy and Politics||International and Comparative Education | ||
| 700 | _aCuraj, Adrian||Matei, Liviu||Pricopie, Remus||Salmi, Jamil||Scott, Peter | ||
| 856 | _uhttps://library.oapen.org/bitstream/20.500.12657/28093/1/1001901.pdf||https://library.oapen.org/bitstream/20.500.12657/28093/1/1001901.pdf||https://library.oapen.org/bitstream/20.500.12657/28093/1/1001901.pdf | ||
| 942 | _cEB | ||
| 999 |
_c32802 _d32802 |
||